| 000 | 00647nam a22002297a 4500 | ||
|---|---|---|---|
| 999 |
_c14459 _d14459 |
||
| 003 | MIRAKIL | ||
| 005 | 20210803114125.0 | ||
| 008 | 210803b tu ||||| |||| 00| 0 tur d | ||
| 040 |
_aTR-AnCHP _btur _cTR-AnCHP |
||
| 041 | _atur | ||
| 082 |
_a956.1023 _bK26i 1988. |
||
| 100 |
_aKarabekir, Kazım _d1882-1948 |
||
| 245 |
_aİstiklal harbimiz/ _cKazım Karabekir. |
||
| 260 |
_aİstanbul: _bMerk Yayıncılık, _c1988. |
||
| 300 |
_a1215 s.: _bfotg.; _c24 sm. |
||
| 504 | _aDizin vardır. | ||
| 600 |
_aKarabekir, Kazım _d1882-1948 |
||
| 650 |
_aTarih _xKurtuluş Savaşı |
||
| 651 |
_aTürkiye _xTarih |
||
| 942 |
_2ddc _cBKS |
||
| 999 | _d14459 | ||